000 00323nam a2200133Ia 4500
008 240624s9999 xx 000 0 und d
041 _aeng
082 _a174.4 THO
100 _aTHOMAS ROSAMUND M
245 _aBUSINESS ETHICS
260 _c2013
_aNoida
_beVookz
300 _axvii, : 300 : p. : cm. ; 24
365 _cRS
_b25
999 _c23176
_d23176